LIBRARY & INFORMATION CENTRE, KCAET, TAVANUR

ONLINE PUBLIC ACCESS CATALOGUE (OPAC)

Engineering thermodynamics / (Record no. 10561)

MARC details
000 -LEADER
fixed length control field 00552cam a2200217ua 4500
020 ## - INTERNATIONAL STANDARD BOOK NUMBER
ISBN 81-85240-45-0
041 ## - LANGUAGE CODE
Language code of text/sound track or separate title eng
082 ## - DEWEY DECIMAL CLASSIFICATION NUMBER
Classification number 621.4021
Item number GUP/EN
100 ## - MAIN ENTRY--AUTHOR NAME
Personal name Gupta, C P.
245 ## - TITLE STATEMENT
Title Engineering thermodynamics /
250 ## - EDITION STATEMENT
Edition statement 5 /
260 ## - PUBLICATION, DISTRIBUTION, ETC. (IMPRINT)
Place of publication Roorkhee :
Name of publisher New chand and brothers ,
Year of publication 1991.
300 ## - PHYSICAL DESCRIPTION
Number of Pages 851 :
Other physical details 506 ; .
500 ## - GENERAL NOTE
General note *CSS
700 1# - ADDED ENTRY--PERSONAL NAME
Personal name Prakash, Rajendra .
942 ## - ADDED ENTRY ELEMENTS (KOHA)
Koha item type Books
Holdings
Withdrawn status Lost status Damaged status Home library Current library Shelving location Date acquired Full call number Accession Number Koha item type
      KAUAET KAUAET Scheme 07/09/2018 621.4021 GUP/EN 17968 Book Bank scheme for SC students
      KAUAET KAUAET Scheme 07/09/2018 621.4021 GUP/EN 17969 Book Bank scheme for SC students
free website counter